Grey's Anatomy - Statistiques

Statistiques générales
  • Ce quiz a été pris 815 fois
  • Le résultat moyen est 9 sur 13
Statistiques - réponses
Par images Réponse % Correct
Cristina Yang
94%
Meredith Grey
92%
Mark Sloan
84%
Owen Hunt
82%
Izzie Stevens
79%
Lexie Grey
79%
Arizona Robbins
78%
Zola
78%
April Kepner
71%
Derek Shepherd
50%
Denny Duquette
38%
Joe Wilson
31%
Matthew Taylor
11%
Aucun quiz correspondant
Distribution des résultats
% des personnes avec chaque résultat
Percentile par nombre de réponses
Votre historique - résultats
Vous n’avez pas pris ce quiz